[Event "Campeonato España Sub 12"]
[Site "Salobreña"]
[Date "2017.07.12"]
[Round "5"]
[White "Travesset Sagre, Jan"]
[Black "Maldonado Mena, German"]
[Result "1-0"]
[Board "7"]
[WhiteClock "1:30"]
[WhiteElo "1792"]
[WhiteCountry "ESP"]
[WhiteFideId "24538701"]
[WhiteEloChange "5"]
[BlackClock "1:30"]
[BlackElo "1620"]
[BlackCountry "ESP"]
[BlackFideId "24516422"]
[BlackEloChange "-5"]

1. Nf3 {[%clk 1:30:00]} d5 {[%clk 1:28:00]} 2. c4 {[%clk 1:31:00]} e6 {[%clk
1:28:00]} 3. b3 {[%clk 1:28:00]} c6 {[%clk 1:26:00]} 4. Bb2 {[%clk 1:26:00]} f5
{[%clk 1:25:00]} 5. d3 {[%clk 1:23:00]} Nf6 {[%clk 1:22:00]} 6. g3 {[%clk
1:21:00]} Bd6 {[%clk 1:20:00]} 7. Bg2 {[%clk 1:19:00]} O-O {[%clk 1:19:00]} 8.
Nbd2 {[%clk 1:07:00]} Bd7 {[%clk 1:15:00]} 9. e4 {[%clk 1:06:00]} fxe4 {[%clk
1:11:00]} 10. dxe4 {[%clk 1:06:00]} Nxe4 {[%clk 1:07:00]} 11. Nxe4 {[%clk
1:05:00]} dxe4 {[%clk 1:07:00]} 12. Qxd6 {[%clk 1:04:00]} exf3 {[%clk 1:06:00]}
13. Bh3 {[%clk 0:53:00]} e5 {[%clk 1:05:00]} 14. Bxd7 {[%clk 0:41:00]} Qxd7
{[%clk 1:05:00]} 15. Qxd7 {[%clk 0:40:00]} Nxd7 {[%clk 1:04:00]} 16. O-O-O {[%clk
0:30:00]} Rad8 {[%clk 1:01:00]} 17. Rhe1 {[%clk 0:23:00]} Nc5 {[%clk 0:57:00]}
18. Ba3 {[%clk 0:21:00]} Nd3+ {[%clk 0:54:00]} 19. Rxd3 {[%clk 0:21:00]} Rxd3
{[%clk 0:54:00]} 20. Bxf8 {[%clk 0:21:00]} Kxf8 {[%clk 0:53:00]} 21. Rxe5 {[%clk
0:21:00]} Kf7 {[%clk 0:45:00]} 22. Kc2 {[%clk 0:21:00]} Rd6 {[%clk 0:45:00]} 23.
Rf5+ {[%clk 0:13:24]} Rf6 {[%clk 0:46:00]} 24. Rxf6+ {[%clk 0:13:17]} Kxf6 {[%clk
0:46:00]} 25. Kd3 {[%clk 0:13:32]} Kf5 {[%clk 0:42:00]} 26. h3 {[%clk 0:13:45]}
g5 {[%clk 0:42:00]} 27. Ke3 {[%clk 0:14:10]} g4 {[%clk 0:42:00]} 28. hxg4+ {[%clk
0:14:32]} Kxg4 {[%clk 0:42:00]} 29. c5 {[%clk 0:09:56]} a5 {[%clk 0:40:00]} 30.
Ke4 {[%clk 0:07:05]} h6 {[%clk 0:38:00]} 31. Ke3 {[%clk 0:07:04]} Kf5 {[%clk
0:38:00]} 32. Kxf3 {[%clk 0:07:20]} Ke5 {[%clk 0:38:00]} 33. Kg4 {[%clk 0:07:40]}
Kd5 {[%clk 0:39:00]} 34. Kh5 {[%clk 0:07:28]} Kxc5 {[%clk 0:39:00]} 35. Kxh6
{[%clk 0:07:51]} a4 {[%clk 0:39:00]} 36. g4 {[%clk 0:07:52]} Kb4 {[%clk 0:39:00]}
37. g5 {[%clk 0:07:37]} axb3 {[%clk 0:39:00]} 38. axb3 {[%clk 0:07:58]} Kxb3
{[%clk 0:39:00]} 39. g6 {[%clk 0:08:23]} c5 {[%clk 0:39:00]} 40. g7 {[%clk
0:08:23]} c4 {[%clk 0:39:00]} 41. g8Q {[%clk 0:08:23]} b5 {[%clk 0:39:00]} 42. f4
{[%clk 0:08:23]} Kb4 {[%clk 0:39:00]} 43. f5 {[%clk 0:08:23]} c3 {[%clk 0:39:00]}
44. Qa2 {[%clk 0:08:23]} 1-0

[Event "Campeonato España Sub 12"]
[Site "Salobreña"]
[Date "2017.07.12"]
[Round "5"]
[White "Fernandez Estremera, Fernando"]
[Black "Garrido Diaz, Jose Antonio"]
[Result "1-0"]
[Board "8"]
[WhiteClock "1:30"]
[WhiteElo "1809"]
[WhiteCountry "ESP"]
[WhiteFideId "24520152"]
[WhiteEloChange "4"]
[BlackClock "1:30"]
[BlackElo "1571"]
[BlackCountry "ESP"]
[BlackFideId "24516252"]
[BlackEloChange "-4"]

1. d4 {[%clk 1:30:00]} Nf6 {[%clk 1:30:00]} 2. c4 {[%clk 1:31:00]} c5 {[%clk
1:29:00]} 3. d5 {[%clk 1:31:00]} b5 {[%clk 1:29:00]} 4. cxb5 {[%clk 1:30:00]} a6
{[%clk 1:29:00]} 5. bxa6 {[%clk 1:31:00]} g6 {[%clk 1:29:00]} 6. Nc3 {[%clk
1:31:00]} Bg7 {[%clk 1:29:00]} 7. e4 {[%clk 1:29:00]} O-O {[%clk 1:30:00]} 8. h3
{[%clk 1:23:00]} Qa5 {[%clk 1:30:00]} 9. Bd2 {[%clk 1:21:00]} Bxa6 {[%clk
1:30:00]} 10. Nf3 {[%clk 1:15:00]} Bxf1 {[%clk 1:28:00]} 11. Kxf1 {[%clk
1:14:00]} e6 {[%clk 1:26:00]} 12. g3 {[%clk 1:11:00]} exd5 {[%clk 1:25:00]} 13.
exd5 {[%clk 1:09:00]} d6 {[%clk 1:23:00]} 14. Kg2 {[%clk 1:08:00]} Nbd7 {[%clk
1:22:00]} 15. Bf4 {[%clk 1:01:00]} Rfb8 {[%clk 1:19:00]} 16. Qc2 {[%clk 0:52:00]}
Ne8 {[%clk 1:18:00]} 17. Bd2 {[%clk 0:44:00]} Nc7 {[%clk 1:14:00]} 18. Rhb1
{[%clk 0:40:00]} Qa6 {[%clk 1:12:00]} 19. Rd1 {[%clk 0:23:00]} Nb5 {[%clk
1:08:00]} 20. Nxb5 {[%clk 0:11:46]} Qxb5 {[%clk 1:08:00]} 21. Bc3 {[%clk
0:12:04]} Bxc3 {[%clk 1:05:00]} 22. bxc3 {[%clk 0:12:28]} Qb2 {[%clk 1:05:00]}
23. Qxb2 {[%clk 0:11:04]} Rxb2 {[%clk 1:04:00]} 24. Rd2 {[%clk 0:10:00]} Rxd2
{[%clk 1:05:00]} 25. Nxd2 {[%clk 0:10:19]} Nb6 {[%clk 1:05:00]} 26. Ne4 {[%clk
0:09:43]} Nxd5 {[%clk 1:05:00]} 27. c4 {[%clk 0:09:20]} Nb6 {[%clk 1:05:00]} 28.
Nxd6 {[%clk 0:09:27]} Ra4 {[%clk 1:04:00]} 29. Kf3 {[%clk 0:08:04]} Nxc4 {[%clk
1:05:00]} 30. Nxc4 {[%clk 0:08:24]} Rxc4 {[%clk 1:05:00]} 31. a4 {[%clk 0:08:45]}
Rb4 {[%clk 1:05:00]} 32. a5 {[%clk 0:09:00]} Kf8 {[%clk 1:04:00]} 33. a6 {[%clk
0:09:03]} Rb8 {[%clk 1:04:00]} 34. Ke4 {[%clk 0:08:10]} Ke7 {[%clk 1:04:00]} 35.
a7 {[%clk 0:06:56]} Ra8 {[%clk 1:04:00]} 36. Kd5 {[%clk 0:07:28]} Kd7 {[%clk
1:04:00]} 37. Kxc5 {[%clk 0:07:51]} Kc7 {[%clk 1:05:00]} 38. Re1 {[%clk 0:06:22]}
Kd7 {[%clk 1:05:00]} 39. Kb6 {[%clk 0:06:42]} Rc8 {[%clk 1:05:00]} 40. Rd1+
{[%clk 0:06:42]} 1-0

[Event "Campeonato España Sub 12"]
[Site "Salobreña"]
[Date "2017.07.12"]
[Round "5"]
[White "Tadevosyan, Aspet"]
[Black "Garrido Diaz, Ernesto"]
[Result "1-0"]
[Board "9"]
[WhiteClock "1:30"]
[WhiteElo "1786"]
[WhiteCountry "ESP"]
[WhiteFideId "24526134"]
[WhiteEloChange "4"]
[BlackClock "1:30"]
[BlackElo "1554"]
[BlackCountry "ESP"]
[BlackFideId "24516244"]
[BlackEloChange "-4"]

1. d4 {[%clk 1:30:00]} Nf6 {[%clk 1:30:00]} 2. c4 {[%clk 1:31:00]} c5 {[%clk
1:31:00]} 3. d5 {[%clk 1:31:00]} b5 {[%clk 1:31:00]} 4. cxb5 {[%clk 1:32:00]} a6
{[%clk 1:31:00]} 5. bxa6 {[%clk 1:32:00]} g6 {[%clk 1:31:00]} 6. Nc3 {[%clk
1:32:00]} Bg7 {[%clk 1:31:00]} 7. e4 {[%clk 1:32:00]} O-O {[%clk 1:31:00]} 8. Be2
{[%clk 1:32:00]} Qa5 {[%clk 1:30:00]} 9. Bd2 {[%clk 1:32:00]} Bxa6 {[%clk
1:30:00]} 10. e5 {[%clk 1:32:00]} Ne8 {[%clk 1:29:00]} 11. Nf3 {[%clk 1:32:00]}
d6 {[%clk 1:29:00]} 12. e6 {[%clk 1:32:00]} fxe6 {[%clk 1:26:00]} 13. Ng5 {[%clk
1:32:00]} Nc7 {[%clk 1:11:00]} 14. Nb5 {[%clk 1:27:00]} Qb6 {[%clk 1:08:00]} 15.
Nxc7 {[%clk 1:27:00]} Qxc7 {[%clk 1:08:00]} 16. Nxe6 {[%clk 1:27:00]} Qc8 {[%clk
1:08:00]} 17. Nxf8 {[%clk 1:27:00]} Qxf8 {[%clk 1:08:00]} 18. Bc3 {[%clk
1:25:00]} Nd7 {[%clk 1:05:00]} 19. Bxa6 {[%clk 1:23:00]} Rxa6 {[%clk 1:05:00]}
20. Qe2 {[%clk 1:23:00]} Ra8 {[%clk 1:04:00]} 21. Qe6+ {[%clk 1:22:00]} Qf7
{[%clk 1:03:00]} 22. Qxd7 {[%clk 1:22:00]} Rf8 {[%clk 1:03:00]} 23. Qe6 {[%clk
1:22:00]} Kh8 {[%clk 1:02:00]} 24. Qxf7 {[%clk 1:22:00]} Rxf7 {[%clk 1:03:00]}
25. Bxg7+ {[%clk 1:22:00]} Kxg7 {[%clk 1:03:00]} 26. a4 {[%clk 1:22:00]} Rf8
{[%clk 1:04:00]} 27. a5 {[%clk 1:23:00]} Ra8 {[%clk 1:04:00]} 28. a6 {[%clk
1:23:00]} Kf6 {[%clk 1:04:00]} 29. O-O {[%clk 1:23:00]} Ke5 {[%clk 1:05:00]} 30.
Rfd1 {[%clk 1:24:00]} h6 {[%clk 1:05:00]} 31. a7 {[%clk 1:24:00]} g5 {[%clk
1:05:00]} 32. Rd3 {[%clk 1:24:00]} 1-0

[Event "Campeonato España Sub 12"]
[Site "Salobreña"]
[Date "2017.07.12"]
[Round "5"]
[White "Santos Burkholz, Mario"]
[Black "Mendoza Barcia, Pedro"]
[Result "1/2-1/2"]
[Board "10"]
[WhiteClock "1:30"]
[WhiteElo "1591"]
[WhiteCountry "ESP"]
[WhiteFideId "32099037"]
[WhiteEloChange "4"]
[BlackClock "1:30"]
[BlackElo "1743"]
[BlackCountry "ESP"]
[BlackFideId "32055641"]
[BlackEloChange "-4"]

1. e4 {[%clk 1:30:00]} c5 {[%clk 1:30:00]} 2. Nf3 {[%clk 1:31:00]} Nc6 {[%clk
1:31:00]} 3. d4 {[%clk 1:31:00]} cxd4 {[%clk 1:31:00]} 4. Nxd4 {[%clk 1:32:00]}
e5 {[%clk 1:32:00]} 5. Nb3 {[%clk 1:32:00]} Nf6 {[%clk 1:32:00]} 6. Nc3 {[%clk
1:32:00]} Bb4 {[%clk 1:32:00]} 7. f3 {[%clk 1:31:00]} h6 {[%clk 1:30:00]} 8. Be3
{[%clk 1:29:00]} O-O {[%clk 1:15:00]} 9. a3 {[%clk 1:28:00]} Bxc3+ {[%clk
1:04:00]} 10. bxc3 {[%clk 1:29:00]} d5 {[%clk 1:04:00]} 11. exd5 {[%clk 1:12:00]}
Nxd5 {[%clk 1:05:00]} 12. Qd2 {[%clk 1:12:00]} Nxe3 {[%clk 0:55:00]} 13. Qxe3
{[%clk 1:12:00]} Re8 {[%clk 0:54:00]} 14. Bb5 {[%clk 1:05:00]} e4 {[%clk
0:36:00]} 15. Bxc6 {[%clk 0:59:00]} bxc6 {[%clk 0:37:00]} 16. O-O {[%clk
0:59:00]} exf3 {[%clk 0:36:00]} 17. Qxf3 {[%clk 0:59:00]} Qc7 {[%clk 0:37:00]}
18. Rad1 {[%clk 0:54:00]} Be6 {[%clk 0:28:00]} 19. Rfe1 {[%clk 0:46:00]} Rad8
{[%clk 0:23:00]} 20. Nd4 {[%clk 0:43:00]} Bd5 {[%clk 0:22:00]} 21. Qf5 {[%clk
0:41:00]} Qc8 {[%clk 0:09:18]} 22. Rxe8+ {[%clk 0:37:00]} Rxe8 {[%clk 0:09:46]}
23. Qxc8 {[%clk 0:38:00]} Rxc8 {[%clk 0:10:15]} 24. Rb1 {[%clk 0:38:00]} Kf8
{[%clk 0:08:33]} 25. Kf2 {[%clk 0:28:00]} g6 {[%clk 0:08:33]} 26. g3 {[%clk
0:25:00]} Rc7 {[%clk 0:06:32]} 27. Ke3 {[%clk 0:24:00]} Ke7 {[%clk 0:06:53]} 28.
Kd3 {[%clk 0:24:00]} f5 {[%clk 0:05:23]} 29. Rb2 {[%clk 0:21:00]} Kf6 {[%clk
0:05:32]} 30. c4 {[%clk 0:19:45]} Be4+ {[%clk 0:05:43]} 31. Ke3 {[%clk 0:18:40]}
Re7 {[%clk 0:05:11]} 32. c3 {[%clk 0:14:17]} c5 {[%clk 0:00:54]} 33. Ne2 {[%clk
0:13:11]} Rb7 {[%clk 0:01:08]} 34. Rxb7 {[%clk 0:11:27]} Bxb7 {[%clk 0:01:37]}
35. Nf4 {[%clk 0:10:55]} Ba6 {[%clk 0:00:35]} 36. Nd3 {[%clk 0:10:46]} Bxc4
{[%clk 0:01:02]} 37. Nxc5 {[%clk 0:11:04]} Bb5 {[%clk 0:01:23]} 38. Kd4 {[%clk
0:11:07]} Bc6 {[%clk 0:01:52]} 39. Nd3 {[%clk 0:09:52]} g5 {[%clk 0:01:45]} 40.
c4 {[%clk 0:08:57]} Ke6 {[%clk 0:01:49]} 41. Nc5+ {[%clk 0:07:06]} Kd6 {[%clk
0:02:12]} 42. Nd3 {[%clk 0:07:06]} 1/2-1/2

[Event "Campeonato España Sub 12"]
[Site "Salobreña"]
[Date "2017.07.12"]
[Round "5"]
[White "Perez Garcia, Jimena"]
[Black "Jimenez Munoz, Nicolas"]
[Result "1/2-1/2"]
[Board "11"]
[WhiteClock "n/a"]
[WhiteElo "1551"]
[WhiteCountry "ESP"]
[WhiteFideId "24517127"]
[WhiteEloChange "4"]
[BlackClock "n/a"]
[BlackElo "1709"]
[BlackCountry "ESP"]
[BlackFideId "32092172"]
[BlackEloChange "-4"]

1. d4 {[%clk 1:30:30]} Nf6 {[%clk 1:30:30]} 2. c4 {[%clk 1:30:30]} c5 {[%clk
1:30:30]} 3. d5 {[%clk 1:30:30]} b5 {[%clk 1:30:30]} 4. cxb5 {[%clk 1:30:30]} a6
{[%clk 1:30:30]} 5. bxa6 {[%clk 1:30:30]} Bxa6 {[%clk 1:30:30]} 6. Nc3 {[%clk
1:30:30]} d6 {[%clk 1:30:30]} 7. g3 {[%clk 1:30:30]} g6 {[%clk 1:30:30]} 8. Bg2
{[%clk 1:30:30]} Bg7 {[%clk 1:30:30]} 9. Nf3 {[%clk 1:30:30]} O-O {[%clk
1:30:30]} 10. Rb1 {[%clk 1:30:30]} Nbd7 {[%clk 1:30:30]} 11. O-O {[%clk 1:30:30]}
Qc7 {[%clk 1:30:30]} 12. b3 {[%clk 1:30:30]} Rfb8 {[%clk 1:30:30]} 13. Qc2 {[%clk
1:30:30]} Ng4 {[%clk 1:30:30]} 14. Bb2 {[%clk 1:30:30]} Nge5 {[%clk 1:30:30]} 15.
Rfe1 {[%clk 1:30:30]} c4 {[%clk 1:30:30]} 16. Nd2 {[%clk 1:30:30]} cxb3 {[%clk
1:30:30]} 17. axb3 {[%clk 1:30:30]} Rc8 {[%clk 1:30:30]} 18. h3 {[%clk 1:30:30]}
Nb6 {[%clk 1:30:30]} 19. Rbc1 {[%clk 1:30:30]} Ned7 {[%clk 1:30:30]} 20. Ndb1
{[%clk 1:30:30]} Bb7 {[%clk 1:30:30]} 21. Red1 {[%clk 1:30:30]} Bh6 {[%clk
1:30:30]} 22. e3 {[%clk 1:30:30]} Nf6 {[%clk 1:30:30]} 23. Qd2 {[%clk 1:30:30]}
Qd8 {[%clk 1:30:30]} 24. g4 {[%clk 1:30:30]} Rab8 {[%clk 1:30:30]} 25. Qd4 {[%clk
1:30:30]} Bg7 {[%clk 1:30:30]} 26. Ne4 {[%clk 1:30:30]} Ne8 {[%clk 1:30:30]} 27.
Rxc8 {[%clk 1:30:30]} Rxc8 {[%clk 1:30:30]} 28. Qd2 {[%clk 1:30:30]} Bxd5 {[%clk
1:30:30]} 29. Bxg7 {[%clk 1:30:30]} Kxg7 {[%clk 1:30:30]} 30. Qb4 {[%clk
1:30:30]} Bxe4 {[%clk 1:30:30]} 31. Bxe4 {[%clk 1:30:30]} Nf6 {[%clk 1:30:30]}
32. Bg2 {[%clk 1:30:30]} Qc7 {[%clk 1:30:30]} 33. g5 {[%clk 1:30:30]} Nfd7 {[%clk
1:30:30]} 34. Qe4 {[%clk 1:30:30]} Nc5 {[%clk 1:30:30]} 35. Qd4+ {[%clk 1:30:30]}
Kg8 {[%clk 1:30:30]} 36. Rc1 {[%clk 1:30:30]} Qd8 {[%clk 1:30:30]} 37. Qb4 {[%clk
1:30:30]} Rb8 {[%clk 1:30:30]} 38. Qc3 {[%clk 1:30:30]} Nbd7 {[%clk 1:30:30]} 39.
Nd2 {[%clk 1:30:30]} Qb6 {[%clk 1:30:30]} 40. Rb1 {[%clk 1:30:30]} Qb4 {[%clk
1:30:30]} 41. Qxb4 {[%clk 1:30:30]} Rxb4 {[%clk 1:30:30]} 42. Bf1 {[%clk
1:30:30]} d5 {[%clk 1:30:30]} 43. Bg2 {[%clk 1:30:30]} e6 {[%clk 1:30:30]} 44.
Kf1 {[%clk 1:30:30]} 1/2-1/2

[Event "Campeonato España Sub 12"]
[Site "Salobreña"]
[Date "2017.07.12"]
[Round "5"]
[White "Roldan Marques, Marta"]
[Black "Juarros Ruiz, Victor"]
[Result "1-0"]
[Board "12"]
[WhiteClock "1:30"]
[WhiteElo "1498"]
[WhiteCountry "ESP"]
[WhiteFideId "32099436"]
[WhiteEloChange "15"]
[BlackClock "1:30"]
[BlackElo "1700"]
[BlackCountry "ESP"]
[BlackFideId "24515213"]
[BlackEloChange "-15"]

1. e4 {[%clk 1:30:00]} c5 {[%clk 1:30:00]} 2. Nc3 {[%clk 1:31:00]} e6 {[%clk
1:30:00]} 3. g3 {[%clk 1:31:00]} a6 {[%clk 1:30:00]} 4. Bg2 {[%clk 1:31:00]} Qc7
{[%clk 1:30:00]} 5. d3 {[%clk 1:31:00]} b5 {[%clk 1:30:00]} 6. Be3 {[%clk
1:29:00]} Bb7 {[%clk 1:30:00]} 7. f4 {[%clk 1:28:00]} d5 {[%clk 1:30:00]} 8. exd5
{[%clk 1:22:00]} b4 {[%clk 1:30:00]} 9. d6 {[%clk 1:15:00]} Bxd6 {[%clk 1:30:00]}
10. Bxb7 {[%clk 1:16:00]} Qxb7 {[%clk 1:30:00]} 11. Ne4 {[%clk 1:16:00]} Be7
{[%clk 1:30:00]} 12. Qf3 {[%clk 1:16:00]} Qc6 {[%clk 1:30:00]} 13. Nxc5 {[%clk
1:10:00]} Nf6 {[%clk 1:28:00]} 14. Qxc6+ {[%clk 1:08:00]} Nxc6 {[%clk 1:28:00]}
15. Nb3 {[%clk 1:07:00]} Nd5 {[%clk 1:28:00]} 16. Bf2 {[%clk 1:06:00]} Bf6 {[%clk
1:28:00]} 17. Rb1 {[%clk 1:02:00]} a5 {[%clk 1:27:00]} 18. Ne2 {[%clk 0:52:00]}
O-O {[%clk 1:24:00]} 19. O-O {[%clk 0:48:00]} Rfc8 {[%clk 1:24:00]} 20. Nd2
{[%clk 0:47:00]} a4 {[%clk 1:19:00]} 21. a3 {[%clk 0:37:00]} bxa3 {[%clk
1:15:00]} 22. bxa3 {[%clk 0:37:00]} Na5 {[%clk 1:13:00]} 23. c4 {[%clk 0:28:00]}
Ne7 {[%clk 1:13:00]} 24. Ne4 {[%clk 0:28:00]} Nf5 {[%clk 1:13:00]} 25. g4 {[%clk
0:23:00]} Nh6 {[%clk 1:13:00]} 26. g5 {[%clk 0:24:00]} Be7 {[%clk 1:14:00]} 27.
gxh6 {[%clk 0:24:00]} Nb3 {[%clk 1:14:00]} 28. Rfd1 {[%clk 0:21:00]} gxh6 {[%clk
1:13:00]} 29. N4c3 {[%clk 0:20:00]} Kh8 {[%clk 1:13:00]} 30. Nxa4 {[%clk
0:18:38]} Rxa4 {[%clk 1:13:00]} 31. Rxb3 {[%clk 0:19:09]} Rxa3 {[%clk 1:13:00]}
32. Bd4+ {[%clk 0:19:01]} Kg8 {[%clk 1:14:00]} 33. Rxa3 {[%clk 0:18:59]} Bxa3
{[%clk 1:14:00]} 34. Kf2 {[%clk 0:19:13]} Kf8 {[%clk 1:13:00]} 35. Rg1 {[%clk
0:19:20]} Ke7 {[%clk 1:12:00]} 36. Rg7 {[%clk 0:19:37]} Bd6 {[%clk 1:12:00]} 37.
Rxh7 {[%clk 0:19:44]} Rf8 {[%clk 1:12:00]} 38. Rxh6 {[%clk 0:19:04]} f6 {[%clk
1:12:00]} 39. Rh7+ {[%clk 0:18:55]} Ke8 {[%clk 1:12:00]} 40. Bb6 {[%clk 0:19:05]}
e5 {[%clk 1:12:00]} 41. f5 {[%clk 0:19:05]} 1-0

[Event "Campeonato España Sub 12"]
[Site "Salobreña"]
[Date "2017.07.12"]
[Round "5"]
[White "Sanmartin Hernandez, Joan"]
[Black "Taltavull Hidalgo, Artur"]
[Result "1-0"]
[Board "13"]
[WhiteClock "1:30"]
[WhiteElo "1409"]
[WhiteCountry "ESP"]
[WhiteFideId "32082177"]
[WhiteEloChange "15"]
[BlackClock "1:30"]
[BlackElo "1607"]
[BlackCountry "ESP"]
[BlackFideId "24569968"]
[BlackEloChange "-15"]

1. d4 {[%clk 1:30:00]} Nf6 {[%clk 1:30:00]} 2. c4 {[%clk 1:30:00]} c5 {[%clk
1:31:00]} 3. d5 {[%clk 1:30:00]} b5 {[%clk 1:31:00]} 4. cxb5 {[%clk 1:30:00]} a6
{[%clk 1:31:00]} 5. Nc3 {[%clk 1:31:00]} axb5 {[%clk 1:28:00]} 6. e4 {[%clk
1:30:00]} b4 {[%clk 1:22:00]} 7. Nb5 {[%clk 1:30:00]} d6 {[%clk 1:17:00]} 8. Bc4
{[%clk 1:29:00]} Nxe4 {[%clk 1:11:00]} 9. Qe2 {[%clk 1:29:00]} Nf6 {[%clk
1:00:00]} 10. Bf4 {[%clk 1:29:00]} e5 {[%clk 0:59:00]} 11. dxe6 {[%clk 1:29:00]}
Be7 {[%clk 0:49:00]} 12. exf7+ {[%clk 1:27:00]} Kf8 {[%clk 0:50:00]} 13. Rd1
{[%clk 1:24:00]} Ra6 {[%clk 0:42:00]} 14. Nf3 {[%clk 1:24:00]} Nh5 {[%clk
0:42:00]} 15. Bxd6 {[%clk 1:24:00]} 1-0

[Event "Campeonato España Sub 12"]
[Site "Salobreña"]
[Date "2017.07.12"]
[Round "5"]
[White "Castillo Dalmau, Arnau"]
[Black "Vara Soler, Luis"]
[Result "0-1"]
[Board "14"]
[WhiteClock "1:30"]
[WhiteElo "1650"]
[WhiteCountry "ESP"]
[WhiteFideId "32092725"]
[WhiteEloChange "-14"]
[BlackClock "1:30"]
[BlackElo "1489"]
[BlackCountry "ESP"]
[BlackFideId "24560936"]
[BlackEloChange "14"]

1. e4 {[%clk 1:30:00]} e5 {[%clk 1:30:00]} 2. Nf3 {[%clk 1:31:00]} Nc6 {[%clk
1:31:00]} 3. Bb5 {[%clk 1:31:00]} a6 {[%clk 1:31:00]} 4. Ba4 {[%clk 1:31:00]} Nf6
{[%clk 1:31:00]} 5. Qe2 {[%clk 1:30:00]} b5 {[%clk 1:31:00]} 6. Bb3 {[%clk
1:30:00]} Be7 {[%clk 1:31:00]} 7. c3 {[%clk 1:29:00]} d6 {[%clk 1:29:00]} 8. d4
{[%clk 1:28:00]} Bg4 {[%clk 1:26:00]} 9. dxe5 {[%clk 1:20:00]} Nxe5 {[%clk
1:23:00]} 10. Nbd2 {[%clk 1:19:00]} O-O {[%clk 1:22:00]} 11. h3 {[%clk 1:18:00]}
Nxf3+ {[%clk 1:17:00]} 12. Nxf3 {[%clk 1:15:00]} Bd7 {[%clk 1:17:00]} 13. O-O
{[%clk 1:12:00]} Bc6 {[%clk 1:14:00]} 14. Bc2 {[%clk 1:10:00]} Re8 {[%clk
1:07:00]} 15. Nd2 {[%clk 0:57:00]} Bf8 {[%clk 1:04:00]} 16. f3 {[%clk 0:53:00]}
d5 {[%clk 0:54:00]} 17. e5 {[%clk 0:41:00]} Bc5+ {[%clk 0:54:00]} 18. Kh1 {[%clk
0:38:00]} Nh5 {[%clk 0:52:00]} 19. Qe1 {[%clk 0:37:00]} Qg5 {[%clk 0:38:00]} 20.
g4 {[%clk 0:19:22]} Rxe5 {[%clk 0:38:00]} 21. Ne4 {[%clk 0:17:35]} Qe7 {[%clk
0:35:00]} 22. gxh5 {[%clk 0:17:09]} dxe4 {[%clk 0:35:00]} 23. Bxe4 {[%clk
0:16:05]} Bxe4 {[%clk 0:34:00]} 24. fxe4 {[%clk 0:16:29]} Rxe4 {[%clk 0:34:00]}
25. Qg3 {[%clk 0:16:26]} Re2 {[%clk 0:33:00]} 26. h6 {[%clk 0:15:19]} Qe4+ {[%clk
0:33:00]} 27. Qf3 {[%clk 0:15:11]} Qxf3+ {[%clk 0:33:00]} 28. Rxf3 {[%clk
0:15:35]} Re1+ {[%clk 0:33:00]} 29. Kg2 {[%clk 0:14:48]} Rae8 {[%clk 0:32:00]}
30. h4 {[%clk 0:14:50]} Be3 {[%clk 0:29:00]} 31. Rf1 {[%clk 0:14:49]} Rxc1 {[%clk
0:29:00]} 32. Raxc1 {[%clk 0:15:13]} Bxc1 {[%clk 0:30:00]} 33. Rxc1 {[%clk
0:15:29]} Re2+ {[%clk 0:30:00]} 34. Kf3 {[%clk 0:15:48]} Rxb2 {[%clk 0:30:00]}
35. Rg1 {[%clk 0:15:50]} g6 {[%clk 0:26:00]} 36. Rd1 {[%clk 0:16:11]} Kf8 {[%clk
0:26:00]} 37. Rd8+ {[%clk 0:16:27]} Ke7 {[%clk 0:27:00]} 38. Rh8 {[%clk 0:16:25]}
Rd2 {[%clk 0:27:00]} 39. Rxh7 {[%clk 0:16:29]} Rd8 {[%clk 0:27:00]} 40. Rg7
{[%clk 0:16:54]} Rh8 {[%clk 0:27:00]} 41. h5 {[%clk 0:16:37]} gxh5 {[%clk
0:27:00]} 42. Kg3 {[%clk 0:15:55]} Rxh6 {[%clk 0:27:00]} 43. Kh4 {[%clk 0:15:42]}
Rg6 {[%clk 0:27:00]} 44. Rh7 {[%clk 0:16:05]} Rg4+ {[%clk 0:25:00]} 45. Kh3
{[%clk 0:16:25]} Ra4 {[%clk 0:25:00]} 46. Rxh5 {[%clk 0:16:41]} Rxa2 {[%clk
0:26:00]} 47. Rc5 {[%clk 0:17:06]} Kd6 {[%clk 0:26:00]} 48. Rf5 {[%clk 0:17:28]}
Ra3 {[%clk 0:26:00]} 0-1